Statistics for Hoi4 Kaiserreich All Countries Quiz

Click here to take the quiz!

General Stats

  • This quiz has been taken 122 times
    (101 since last reset)
  • The average score is 78 of 109

Answer Stats

Europe% Correct
Commune of France
100%
German Empire
99%
French Republic
99%
Dominion of Canada
97%
United States of America
97%
Russian Republic
96%
Kingdom of Spain
94%
Poland
94%
Sweden
94%
Denmark
93%
Mexico
93%
Netherlands
93%
Argentina
91%
Austrian Empire
91%
Brazil
91%
Ottoman Empire
91%
Panama
91%
Portugal
91%
Ukrainian State
91%
Chile
90%
Colombia
90%
Kingdom of Finland
90%
Peru
90%
Qing Government
90%
Serbia
90%
Union of Britain
90%
Union of South Africa
90%
Norway
89%
Honduras
89%
Paraguay
89%
Bulgaria
87%
Dutch East Indies
87%
Empire of Japan
87%
Hungary
87%
Ecuador
86%
El Salvador
86%
Sultanate of Egypt
86%
Uruguay
86%
Venezuela
86%
Bolivia
84%
Guatemala
84%
Cuba
83%
Greece
83%
Haiti
83%
Ireland
83%
Nicaragua
83%
Switzerland
83%
Costa Rica
81%
Dominican Republic
81%
Romania
80%
Dominion of Delhi
79%
Ethiopia
79%
Papal State
79%
United Baltic Duchy
79%
White Ruthenia
79%
Bohemia
77%
Mongolia
77%
Persia
77%
Albania
76%
Kingdom of Lithuania
76%
Princely Federation
76%
Georgia
74%
Two Sicilies
74%
Azerbaijan
73%
Flanders Wallonia
73%
Bharatiya Commune
71%
Galicia and Lodomeria
71%
Kingdom of Siam
71%
Liberia
71%
Mittelafrika
71%
Afghanistan
70%
Morocco
70%
Muscat
70%
Somalia
69%
Yemen
67%
German East Asia
66%
Illyria
64%
West Indies Federation
64%
Najd and Hasa
63%
Patagonian Workers Front
63%
Bhutan
61%
Nepal
61%
Republic of Burma
61%
Tibet
61%
Socialist Republic of Italy
57%
Italian Republic
56%
Sardinia
51%
Alash Autonomy
50%
Emirate of Cyrenaica
49%
Yunnan
47%
Fengtian Government
46%
Philippines
46%
Xinjiang
46%
Bukhara
41%
Khiva
40%
Jabal Shammar
39%
Turkestan Republic
39%
League of Eight Provinces
37%
Australasian Confederation
36%
Shanxi
34%
Sichuan
33%
Transamur
33%
Legation Cities
30%
Shandong
26%
Xibei San Ma
26%
Hunan
23%
Mutasarrifate of Jerusalem
21%
Kumul Khanate
20%
Liangguang
11%

Score Distribution

Percentile by Number Answered

Percent of People with Each Score

Your Score History

You have not taken this quiz since the last reset